000 00449nam a2200193Ia 4500
005 20240823013002.0
008 240823s9999||||xx |||||||||||||| ||und||
020 _a0-07-048285-3
041 _aENGLISH
082 _A621.319 P4
100 _aPabla A S
245 0 _aElectric Power Distribution
250 _a5th
260 _c2004
_bTMH New D
500 _aTRANSFERED
650 _aPower System
_bElectrical
942 _cBK
999 _c165959
_d165959